| 000 | 00531nam a22001817a 4500 | ||
|---|---|---|---|
| 003 | OSt | ||
| 005 | 20240209161256.0 | ||
| 008 | 240209b |||||||| |||| 00| 0 eng d | ||
| 040 | _csbcl | ||
| 082 |
_a894.812 8 SAH-V _b142252 |
||
| 100 | _aSahadevan, Pavumpa | ||
| 245 | _aVargasamara Fantasiyum Hyperian vrikshangalum | ||
| 250 | _a1 | ||
| 260 |
_aKollam _bPheonix books _c6/2023 |
||
| 300 | _a193p. | ||
| 650 |
_2Literature & rhetoric _aLiteratures of other languages _vAltaic, Uralic, Hyperborean & Dravidian |
||
| 942 | _cBOOK | ||
| 999 |
_c135978 _d135978 |
||